Consoles Jeux Vidéos - Statistiques

Statistiques générales
  • Ce quiz a été pris 1 316 fois
    1 301 depuis la dernière actualisation
  • Le résultat moyen est 21 sur 32
Statistiques - réponses
Indice Réponse % Correct
1994, Sony PlayStation
96%
2013, Sony PlayStation 4
96%
2000, Sony PlayStation 2
95%
2006, Sony PlayStation 3
95%
2020, Sony PlayStation 5
95%
2001, Microsoft Xbox
95%
2017, Nintendo Nintendo Switch
91%
2004, Nintendo Nintendo DS
90%
2006, Nintendo Wii
89%
2005, Microsoft Xbox 360
86%
1989, Nintendo Game Boy
85%
2011, Nintendo Nintendo 3DS
83%
2012, Nintendo Wii U
83%
2013, Microsoft Xbox One
83%
2001, Nintendo GameCube
78%
2005, Sony PlayStation Portable
74%
2020, Microsoft Xbox Series
74%
1983, Nintendo Nintendo Entertainment System (NES)
72%
2011, Sony PlayStation Vita
68%
1996, Nintendo Nintendo 64
66%
1998, Nintendo Game Boy Color
63%
2001, Nintendo Game Boy Advance
59%
1990, Nintendo Super Nintendo (SNES)
58%
1988, Sega Megadrive
54%
1977, Atari Atari 2600
43%
1994, Sega Saturn
39%
1999, Sega Dreamcast
37%
1985, Sega Master System
32%
1990, Sega Game Gear
24%
1993, Atari Jaguar
20%
1989, Atari Atari Lynx
12%
1986, Atari Atari 7800
9%
Aucun quiz correspondant
Distribution des résultats
% des personnes avec chaque résultat
Percentile par nombre de réponses
Votre historique - résultats
Vous n’avez pas pris ce quiz depuis la dernière actualisation